| 000 | 00635nam a2200169 4500 | ||
|---|---|---|---|
| 001 | 107762 | ||
| 003 | ES-MaACL | ||
| 005 | 20230906184503.0 | ||
| 007 | t| | ||
| 008 | 061121s1969 sp r ||||1| spa d | ||
| 100 | 1 |
_aMoreno Clemente, Julián. _983352 |
|
| 245 | 1 | 0 |
_aProntuario para el cálculo de líneas aéreas de alta tensión / _cJulián Moreno Clemente. |
| 260 |
_aMadrid : _bColegio Oficial de Ingenieros Industriales de Andalucía Oriental y Murcia, _c1969. |
||
| 300 |
_a162 p. ; _c4. |
||
| 710 | 2 |
_aColegio Oficial de Ingenieros Industriales de Andalucía Oriental y Murcia. _92969 |
|
| 852 |
_aES-MaACL _jC-42559 _bR.71640 |
||
| 999 |
_c107762 _d107762 |
||